Top 5 des pays médaillés à chaque Jeux Olympiques d'été - Statistiques

Statistiques générales
  • Ce quiz a été pris 1 699 fois
  • Le résultat moyen est 20 sur 25
Statistiques - réponses
Édition(s) Pays % Correct
7 : 2024, 1928, 1924, 1920, 1908, 1900, 1896 France
100%
9 : 2024, 2020, 2016, 2012, 2008, 2004, 2000, 1996, 1992 Chine
99%
30 : 2024, 2020, 2016, 2012, 2008, 2004, 2000, 1996, 1992, 1988, 1984, 1976, 1972, 1968, 1964, 1960, 1956, 1952, 1948, 1936, 1932, 1928, 1924, 1920, 1912, 1908, 1904, 1900, 1896 États-Unis
99%
1 : 2020 Comité Olympique Russe
98%
4 : 2020, 1972, 1968, 1964 Japon
97%
11 : 2016, 2012, 2004, 2000, 1992, 1936, 1932, 1928, 1912, 1904, 1896 Allemagne
95%
4 : 1988, 1980, 1976, 1972 Allemagne de l'Est
95%
5 : 1988, 1984, 1976, 1972, 1968 Allemagne de l'Ouest
95%
1 : 1992 Équipe unifiée
95%
11 : 2024, 2020, 2016, 2012, 2008, 1924, 1920, 1912, 1908, 1900, 1896 Grande-Bretagne
94%
7 : 2024, 2008, 2004, 2000, 1996, 1960, 1956 Australie
93%
3 : 1964, 1960, 1956 Équipe unifiée d'Allemagne
93%
6 : 2016, 2012, 2008, 2004, 2000, 1996 Russie
92%
6 : 1964, 1960, 1948, 1936, 1932 Italie
91%
3 : 1984, 1908, 1904 Canada
88%
9 : 1952, 1948, 1936, 1932, 1928, 1924, 1920, 1912, 1908 Suède
75%
1 : 1896 Grèce
74%
9 : 1988, 1980, 1976, 1972, 1968, 1964, 1960, 1956, 1952 Union Soviétique
72%
1 : 1980 Pologne
63%
6 : 1952, 1936, 1932, 1928, 1924, 1912 Finlande
61%
2 : 1920, 1900 Belgique
60%
4 : 1980, 1952, 1948, 1904 Hongrie
50%
2 : 1984, 1976 Roumanie
38%
2 : 1988, 1980 Bulgarie
27%
1 : 1992 Cuba
19%
Aucun quiz correspondant
Distribution des résultats
% des personnes avec chaque résultat
Percentile par nombre de réponses
Votre historique - résultats
Vous n’avez pas pris ce quiz